A guide to global blannd marketing:branding across boarders (Record no. 3202)

MARC details
000 -LEADER
fixed length control field 00392nam a2200133Ia 4500
008 - FIXED-LENGTH DATA ELEMENTS--GENERAL INFORMATION
fixed length control field 221216s9999||||xx |||||||||||||| ||und||
020 ## - INTERNATIONAL STANDARD BOOK NUMBER
International Standard Book Number 0-658-00945-1
040 ## - CATALOGING SOURCE
Transcribing agency Chuka University Library
050 ## - LIBRARY OF CONGRESS CALL NUMBER
Classification number HD 69
Item number .B7G74 2001
100 ## - MAIN ENTRY--PERSONAL NAME
Personal name Gregory,James R
9 (RLIN) 2339
245 #2 - TITLE STATEMENT
Title A guide to global blannd marketing:branding across boarders
260 ## - PUBLICATION, DISTRIBUTION, ETC.
Place of publication, distribution, etc. Mcgraw hill
Name of publisher, distributor, etc. New york
Date of publication, distribution, etc. 2001
942 ## - ADDED ENTRY ELEMENTS (KOHA)
Koha item type Long Loan Books
Koha issues (borrowed), all copies 1
Holdings
Withdrawn status Lost status Damaged status Not for loan Collection Home library Current library Shelving location Date acquired Total Checkouts Full call number Barcode Date last seen Date last checked out Price effective from Koha item type
        General Collection Books Main Campus Library Main Campus Library Business Studies Library 16/12/2022 1 BSL HD 69.B7G74 2001 2598/2007 05/10/2023 02/10/2023 16/12/2022 Long Loan Books

Powered by Koha